| 000 | 02164nam a22004334i 4500 | ||
|---|---|---|---|
| 999 |
_c64690 _d64690 |
||
| 001 | bimo0000344861 | ||
| 003 | SpMaBN | ||
| 005 | 20181102072236.0 | ||
| 008 | 861204s19860000sp 001 bspa | ||
| 017 |
_aB 1949-1986 _bOficina Depósito Legal Barcelona |
||
| 020 | _a8476450796 | ||
| 040 |
_aIBH _bspa _erdc _cCO-MdFUSB _dCO-MdFUSBC |
||
| 041 | 1 |
_aspa _hspa |
|
| 080 | _a222.7/.8.07 | ||
| 080 | _a92 Esdras | ||
| 080 | _a92 Nehemías | ||
| 082 |
_223 _a222.707 _bR261 |
||
| 100 | 1 |
_aRawlinson, George _d1812-1902 _eautor |
|
| 245 | 0 |
_aEsdras y Nehemías _c/ Jorge Rawlinson ; traductor Sara A. Hale |
|
| 264 | 1 |
_aTerrassa (Barcelona) _bClie, _c℗[1986] |
|
| 300 |
_a223 páginas ; _c20 cm |
||
| 336 |
_2rdacontent _atexto _btxt |
||
| 337 |
_2rdamedia _asin mediación _bn |
||
| 338 |
_2rdacarrier _avolumen _bnc |
||
| 490 | _aClásicos evangélicos | ||
| 505 |
_tEsdras. _aNacimiento y educación -- Primeras relaciones con el gobierno -- Relaciones con Artajerjes Longimano -- Esdras como gobernador de Judá -- Relaciones con Nehemías -- Trabajos literarios -- Vida posterior muerte y carácter |
||
| 505 |
_tNehemías. _aAlcurnia y lugar probable de su nacimiento -- Posición en la corte de Artajerjes Longimano -- Su viaje a Jerusalém—Reparación de los muros -- Condición material del pueblo Judío -- Condición religiosa del pueblo Judío -- Primera reforma de la religión bajo Nehemías -- Llamado de nuevo a la corte y los resultados de este llamamiento -- Segunda reforma de la religión por Nehemías -- Otros actos del gobernador civil -- Leyenda acerca de Nehemías -- Carácter y trabajos de Nehemías |
||
| 563 | _aTapa dura | ||
| 630 | 7 |
_aBiblia. _pEsdras _xHistoria y crítica |
|
| 630 | 7 |
_aBiblia. _pNehemías _xHistoria y crítica |
|
| 700 |
_aHale, Sara A. _etraductor |
||
| 942 | _cBK | ||
| 956 | _a1 2 | ||
| 980 |
_aB 1949-1986 _a84-7645-079-6 _aM-BN _bBNMADRID _j3/86639 _cSG_RECOLET |
||
| 980 |
_aB 1949-1986 _aM-BN _bBNALCALA _jAHM/56709 _cSALA_ALC |
||
| 980 |
_aB 1949-1986 _a84-7645-079-6 _aM-BN _bBNALCALA _jDL/301684 _cCONSERVACI |
||